Statistics for Countries Producing the Most Ginger

Click here to take the quiz!

General Stats

  • This quiz has been taken 69 times
  • The average score is 13 of 20

Answer Stats

1000 tonnescountry% Correct
1070India
100%
557China
98%
167Thailand
92%
217Indonesia
91%
51Japan
88%
14Malaysia
81%
77Bangladesh
80%
27Philippines
75%
5South Korea
75%
26Taiwan
67%
16Sri Lanka
66%
280Nepal
59%
350Nigeria
55%
6Bhutan
52%
92Cameroon
39%
11Ethiopia
38%
4Peru
38%
7Côte d'Ivoire
30%
38Mali
19%
8Fiji
13%

Score Distribution

Percentile by Number Answered

Percent of People with Each Score

Your Score History

You have not taken this quiz